000 00307nam a22001457a 4500
999 _c10723
_d10723
003 OSt
005 20210303113647.0
008 210303b ||||| |||| 00| 0 eng d
040 _cDDC
050 _bD866H
082 _a248.24
_bD866H
100 _aDugan, Brad
245 _aHe rescued me
942 _2ddc
_cBK